Члены НАТО - Армагеддон - Statistics

General Stats
  • This quiz has been taken 548 times
    177 since last reset
  • The average score is 15 of 32
Answers on the Grid
Answers color-coded by a green-red scale on the quiz's grid according to % correct below.
Австралия
Албания
Аргентина
Бельгия
Болгария
Великобритания
Венгрия
Вьетнам
Гана
Германия
Греция
Дания
Египет
Израиль
Иордания
Ирландия
Исландия
Испания
Италия
Канада
Колумбия
Латвия
Литва
Люксембург
Мальта
Нигерия
Нидерланды
Новая Зеландия
Норвегия
Оман
Пакистан
Польша
Португалия
Румыния
Саудовская Аравия
Северная Македония
Сингапур
Словакия
Словения
США
Таиланд
Того
Турция
Финляндия
Франция
Хорватия
Черногория
Чехия
Швеция
Эстония
Япония
 
Answer Stats
Answer % Correct
Германия
88%
Бельгия
84%
Венгрия
83%
Греция
78%
Великобритания
75%
Болгария
74%
Дания
72%
Албания
64%
Италия
46%
Литва
46%
Испания
44%
США
42%
Латвия
40%
Нидерланды
40%
Эстония
40%
Польша
37%
Франция
37%
Исландия
36%
Румыния
36%
Хорватия
36%
Люксембург
35%
Финляндия
35%
Чехия
35%
Швеция
35%
Норвегия
33%
Португалия
33%
Словакия
33%
Словения
33%
Турция
33%
Канада
31%
Северная Македония
26%
Черногория
26%
No matching quizzes found
Score Distribution
Percent of People with Each Score
Percentile by Number Answered
Your Score History
You have not taken this quiz since the last reset